Budovanie nových kapitálových trhov je revolúcia. 2

Štúdia o rozvoji kapitálových trhov v transformujúcich sa ekonomikách (spracovaná Stredoeurópskou univerzitou v Prahe). Likvidita. Burza cenných papierov vo Varšave a Budapešti. Konkurencia, regulácia a dozor na burzách. Postavenie bánk v transformujúcich sa krajinách.

Saved in:
Bibliographic Details
Format: Book Chapter
Language:Slovak
Subjects:
Tags: Add Tag
No Tags, Be the first to tag this record!

MARC

LEADER 00000naa a2200000 4500
001 r020384
005 20221205102904.1
041 0 |a slo 
044 |a SK 
245 1 0 |a Budovanie nových kapitálových trhov je revolúcia. 2 
520 |a Štúdia o rozvoji kapitálových trhov v transformujúcich sa ekonomikách (spracovaná Stredoeurópskou univerzitou v Prahe). Likvidita. Burza cenných papierov vo Varšave a Budapešti. Konkurencia, regulácia a dozor na burzách. Postavenie bánk v transformujúcich sa krajinách. 
610 2 0 |a trh kapitálový 
610 2 0 |a burzy 
610 2 0 |a banky 
610 2 0 |a likvidita 
610 2 0 |a papiere cenné 
610 2 0 |a stredná Európa 
610 2 0 |a východná Európa 
610 2 0 |a Česko 
610 2 0 |a investície zahraničné 
610 2 0 |a miera inflácie 
610 2 0 |a obligácie